| Поле | Инд. | ПП | Название | Значение |
|---|---|---|---|---|
| Тип записи | a | |||
| Библиографический уровень | m | |||
| 001 | Контрольный номер | RU/LIBMSTU/373126678 | ||
| 005 | Дата корректировки | 20190312095140.3 | ||
| 008 | Кодируемые данные | 111031|||||||||ru |||||||||||000|||rus|| | ||
| 020 | a | ISBN | 978-5-91131-765-2 | |
| 040 | b | Код языка каталог. | rus | |
| 041 | 0_ | a | Код языка текста | rus |
| 084 | a | Индекс другой классификации/Индекс ББК | 60.56я7 | |
| 090 | a | Полочн. индекс | 60.5 | |
| x | Авторский знак | Я 47 | ||
| 100 | 1_ | a | Автор | Яковлев А. И. |
| 245 | 10 | a | Заглавие | Политическая социология |
| b | Продолж. заглавия | учеб. пособие | ||
| 260 | a | Место издания | Москва | |
| b | Издательство | Дашков и К | ||
| c | Дата издания | 2009 | ||
| 300 | a | Объем | 383 с. | |
| 504 | a | Библиография | Библиогр.: с. 383 | |
| 650 | 04 | a | Основная рубрика | Политическая социология-Учебные издания для высших учебных заведений |
| 653 | 0_ | a | Ключевые слова | Власть |
| a | Ключевые слова | Государство | ||
| a | Ключевые слова | Гражданское общество | ||
| a | Ключевые слова | Демократия | ||
| a | Ключевые слова | Народ | ||
| a | Ключевые слова | Наука политическая | ||
| a | Ключевые слова | Политическая наука | ||
| a | Ключевые слова | Политическая социология | ||
| a | Ключевые слова | Политические партии | ||
| a | Ключевые слова | Политические учения | ||
| a | Ключевые слова | Политическое общество | ||
| a | Ключевые слова | Политическое сознание | ||
| a | Ключевые слова | Права человека | ||
| a | Ключевые слова | Русская политическая мысль | ||
| a | Ключевые слова | Свобода личности | ||
| 901 | t | Тип документа | m | |
| 952 | c | Вид литературы | учебное пособие |